[Event "FRA-chT Top 16 GpA"]
[Site "France"]
[Date "2006.03.31"]
[Round "5"]
[White "Edouard, Romain"]
[Black "Lepan, Marvin"]
[Result "1/2-1/2"]
[WhiteElo "2365"]
[BlackElo "2201"]
[PlyCount "106"]
[EventDate "2006.02.03"]
[EventType "team-tourn"]
[EventRounds "7"]
[EventCountry "FRA"]
[SourceTitle "CBM 111 Extra"]
[Source "ChessBase"]
[SourceDate "2006.05.09"]
[SourceVersion "1"]
[SourceVersionDate "2006.05.09"]
[SourceQuality "1"]
[WhiteTeam "Montpellier"]
[BlackTeam "Creteil"]
[WhiteTeamCountry "FRA"]
[BlackTeamCountry "FRA"]

1. e4 c5 2. Nf3 d6 3. d4 cxd4 4. Nxd4 Nf6 5. Nc3 a6 6. g3 e6 7. Bg2 Be7 8. 0-0 Qc7 9. Re1 0-0 10. Qe2 Bd7 11. Be3 Nc6 12. Rad1 b5 13. a3 Rfc8 14. Nb3 Rab8 15. g4 b4 16. axb4 Nxb4 17. g5 Ne8 18. Ra1 Bc6 19. f4 Bf8 20. f5 exf5 21. exf5 Bxg2 22. Qxg2 Qb7 23. Qxb7 Rxb7 24. Nd4 d5 25. Bf2 Nd6 26. Re2 Nc6 27. Nxc6 Rxc6 28. f6 d4 29. Nd5 Nf5 30. Re5 g6 31. Rae1 Re6 32. Nf4 Rxe5 33. Rxe5 Rb5 34. Rxb5 axb5 35. Kg2 h6 36. h4 Bd6 37. Kf3 hxg5 38. hxg5 Kf8 39. Nd3 Ke8 40. Ke4 Kd7 41. Bxd4 Nxd4 42. Kxd4 Ke6 43. Ke4 Bc7 44. Ne1 Be5 45. c3 b4 46. cxb4 Bxb2 47. Nd3 Bc3 48. b5 Kd6 49. b6 Kc6 50. Ne5+ Kxb6 51. Nxf7 Kc6 52. Ne5+ Kd6 53. Nxg6 Bxf6 1/2-1/2

[Event "FRA-chT Top 16 GpA"]
[Site "France"]
[Date "2006.02.03"]
[Round "1"]
[White "Lepan, Marvin"]
[Black "Marcelin, Cyril"]
[Result "0-1"]
[WhiteElo "2201"]
[BlackElo "2441"]
[PlyCount "58"]
[EventDate "2006.02.03"]
[EventType "team-tourn"]
[EventRounds "7"]
[EventCountry "FRA"]
[SourceTitle "EXT 2007"]
[Source "ChessBase"]
[SourceDate "2006.11.23"]
[SourceVersion "1"]
[SourceVersionDate "2006.11.23"]
[SourceQuality "1"]
[WhiteTeam "Creteil"]
[BlackTeam "Evry"]
[WhiteTeamCountry "FRA"]
[BlackTeamCountry "FRA"]

1. Nf3 d5 2. c4 c6 3. g3 Bg4 4. Bg2 e6 5. 0-0 Nd7 6. d3 Ngf6 7. Nbd2 Bd6 8. Rb1 a5 9. b3 0-0 10. Bb2 Qe7 11. h3 Bh5 12. e4 dxe4 13. dxe4 Bxf3 14. Qxf3 a4 15. Qe2 e5 16. g4 axb3 17. axb3 Ra2 18. g5 Ne8 19. h4 Nc7 20. Bh3 Ne6 21. Qg4 Ndc5 22. Nf3 Nf4 23. Bc1 Nxh3+ 24. Qxh3 Nxe4 25. Be3 f5 26. Ra1 Rb2 27. g6 hxg6 28. Bg5 Nxg5 29. Nxg5 e4 0-1

[Event "Paris-ch"]
[Site "Paris"]
[Date "2005.07.14"]
[Round "6"]
[White "Zozulia, Anna"]
[Black "Lepan, Marvin"]
[Result "1-0"]
[WhiteElo "2314"]
[BlackElo "2217"]
[PlyCount "75"]
[EventDate "2005.07.10"]
[EventType "swiss"]
[EventRounds "9"]
[EventCountry "FRA"]
[SourceTitle "CBM 107 Extra"]
[Source "ChessBase"]
[SourceDate "2005.09.01"]
[SourceVersion "1"]
[SourceVersionDate "2005.09.01"]
[SourceQuality "1"]

1. e4 c5 2. Nf3 d6 3. d4 cxd4 4. Nxd4 Nf6 5. Nc3 a6 6. h3 e6 7. Bd3 Be7 8. 0-0 Qc7 9. Be3 Nc6 10. f4 Bd7 11. Qf3 h6 12. Kh1 Rg8 13. Qf2 g5 14. fxg5 hxg5 15. Nxc6 Bxc6 16. Bd4 e5 17. Bb6 Qd7 18. Nd5 Bxd5 19. exd5 Rg7 20. c4 Nh5 21. Qc2 g4 22. Bf5 Ng3+ 23. Kh2 Nxf5 24. Rxf5 gxh3 25. g3 Bg5 26. Raf1 f6 27. Qe4 Ke7 28. c5 Rag8 29. b4 Kf7 30. cxd6 Bf4 31. gxf4 Rg2+ 32. Kh1 Qb5 33. Rxf6+ Kxf6 34. Qxe5+ Kg6 35. Qe6+ Kh7 36. Qxh3+ Kg6 37. Kxg2 Qxd5+ 38. Kh2 1-0

[Event "FRA-chT2 0304"]
[Site "France"]
[Date "2004.02.01"]
[Round "7"]
[White "Lepan, Marvin"]
[Black "Bielka, Samuel"]
[Result "1-0"]
[WhiteElo "2217"]
[BlackElo "2087"]
[PlyCount "59"]
[EventDate "2003.10.??"]
[EventType "team"]
[EventRounds "11"]
[EventCountry "FRA"]
[SourceTitle "EXT 2005"]
[Source "ChessBase"]
[SourceDate "2004.11.15"]
[SourceVersion "1"]
[SourceVersionDate "2004.11.15"]
[SourceQuality "1"]

1. Nf3 Nf6 2. c4 c6 3. g3 d5 4. Bg2 g6 5. b3 Bg7 6. Bb2 0-0 7. 0-0 b6 8. Qc2 Bb7 9. d3 Nbd7 10. e4 Ne8 11. e5 Nc7 12. h4 c5 13. cxd5 Nxd5 14. a3 Nc7 15. Nbd2 Ne6 16. Rfe1 Nb8 17. h5 Nc6 18. hxg6 hxg6 19. Qc4 Bh6 20. Rad1 Rc8 21. Qh4 Kg7 22. Nc4 Rh8 23. Qg4 Kh7 24. Nh4 Rg8 25. Be4 Ng5 26. e6 f5 27. Nxf5 Nxe4 28. Nxh6 Nxf2 29. Kxf2 Qf8+ 30. Nf7 1-0

[Event "FRA-chT2 0304"]
[Site "France"]
[Date "2003.11.16"]
[Round "3"]
[White "Lepan, Marvin"]
[Black "Sermier, Guillaume"]
[Result "0-1"]
[WhiteElo "2224"]
[BlackElo "2376"]
[PlyCount "114"]
[EventDate "2003.10.??"]
[EventType "team"]
[EventRounds "11"]
[EventCountry "FRA"]
[SourceTitle "EXT 2005"]
[Source "ChessBase"]
[SourceDate "2004.11.15"]
[SourceVersion "1"]
[SourceVersionDate "2004.11.15"]
[SourceQuality "1"]
[WhiteTeam "Creteil"]
[BlackTeam "Besancon TPG"]
[WhiteTeamCountry "FRA"]
[BlackTeamCountry "FRA"]

1. Nf3 Nf6 2. c4 c6 3. g3 d5 4. Bg2 e6 5. 0-0 Be7 6. b3 0-0 7. Bb2 Nbd7 8. d4 b6 9. Nbd2 Bb7 10. Ne5 Nxe5 11. dxe5 Nd7 12. e4 Nc5 13. exd5 cxd5 14. Qe2 Rc8 15. Rad1 Rc7 16. Ba3 Rd7 17. cxd5 Bxd5 18. Nf3 Qa8 19. Bxc5 Bxc5 20. Ne1 Rfd8 21. Bxd5 Rxd5 22. Nd3 Bf8 23. Nb2 Rxd1 24. Rxd1 Rxd1+ 25. Nxd1 Qd5 26. Nc3 Qc5 27. Nd1 Qd4 28. Nb2 b5 29. Nd3 g6 30. Kg2 a5 31. Nf4 Bc5 32. Nd3 Bb6 33. Ne1 a4 34. Nd3 axb3 35. axb3 Qd5+ 36. Qf3 Qxb3 37. Qa8+ Kg7 38. Qe4 Qc4 39. Qxc4 bxc4 40. Nb4 f6 41. exf6+ Kxf6 42. f4 Bc5 43. Nc2 e5 44. Kf3 Kf5 45. g4+ Ke6 46. h3 exf4 47. Kxf4 Kd5 48. h4 h5 49. gxh5 gxh5 50. Kf3 c3 51. Kf4 Kc4 52. Ke4 Kb3 53. Kd3 Kb2 54. Ne1 Bf2 55. Nc2 Bxh4 56. Ne3 Kb3 57. Nf5 Bf6 0-1

[Event "FRA-chT2 0304"]
[Site "France"]
[Date "2003.11.15"]
[Round "2"]
[White "Lepan, Marvin"]
[Black "Rosse, Sebastien"]
[Result "1-0"]
[WhiteElo "2224"]
[BlackElo "1880"]
[PlyCount "101"]
[EventDate "2003.10.??"]
[EventType "team"]
[EventRounds "11"]
[EventCountry "FRA"]
[SourceTitle "EXT 2005"]
[Source "ChessBase"]
[SourceDate "2004.11.15"]
[SourceVersion "1"]
[SourceVersionDate "2004.11.15"]
[SourceQuality "1"]
[WhiteTeam "Creteil"]
[BlackTeam "Besancon ABC"]
[WhiteTeamCountry "FRA"]
[BlackTeamCountry "FRA"]

1. d4 Nf6 2. c4 e6 3. Nc3 Bb4 4. e3 c5 5. Bd3 0-0 6. Nge2 Nc6 7. 0-0 d5 8. a3 cxd4 9. exd4 dxc4 10. Bxc4 Be7 11. Bg5 a6 12. Qd3 b5 13. Ba2 Bb7 14. Rad1 Qd7 15. Bb1 g6 16. Qh3 Nd5 17. Ne4 Bxg5 18. Nxg5 f5 19. Ba2 Rae8 20. Nc3 Nxc3 21. Qxc3 Nd8 22. h4 Bd5 23. Bb1 Qb7 24. Qg3 Nf7 25. Nh3 Nh6 26. Nf4 Ng4 27. Rfe1 Qg7 28. h5 g5 29. Nxd5 exd5 30. Rxe8 Rxe8 31. Bxf5 Nf6 32. Qd6 Qe7 33. Qxa6 Qe2 34. Rf1 Nxh5 35. Qh6 Re7 36. Qxg5+ Ng7 37. Bg4 Qe4 38. Bf3 h6 39. Qxd5+ Qxd5 40. Bxd5+ Kf8 41. Bc6 Re2 42. Bxb5 Rxb2 43. Bc6 Ke7 44. a4 Kd6 45. d5 Ra2 46. Re1 Nf5 47. Re6+ Kc7 48. Rf6 Nd4 49. Rxh6 Nxc6 50. Rxc6+ Kd7 51. Ra6 1-0

[Event "FRA-chT U20 0203"]
[Site "Clichy"]
[Date "2003.05.03"]
[Round "9.2"]
[White "Lepan, Marvin"]
[Black "Verot, Melanie"]
[Result "0-1"]
[WhiteElo "2231"]
[BlackElo "2092"]
[PlyCount "76"]
[EventDate "2002.12.??"]
[EventType "team"]
[EventRounds "11"]
[EventCountry "FRA"]
[SourceTitle "EXT 2004"]
[Source "ChessBase"]
[SourceDate "2003.11.25"]
[SourceVersion "1"]
[SourceVersionDate "2003.11.25"]
[SourceQuality "1"]
[WhiteTeam "Creteil"]
[BlackTeam "Cannes"]
[WhiteTeamCountry "FRA"]
[BlackTeamCountry "FRA"]

1. d4 d5 2. c4 e6 3. Nc3 c5 4. cxd5 exd5 5. Nf3 Nc6 6. g3 Nf6 7. Bg2 Be7 8. 0-0 0-0 9. Bg5 c4 10. Ne5 Be6 11. Nxc6 bxc6 12. b3 Qa5 13. Na4 Rac8 14. Qc2 h6 15. Bd2 Qb5 16. bxc4 dxc4 17. Rab1 Qh5 18. Rb7 Rfe8 19. e4 Rcd8 20. e5 Nd5 21. f4 Bg4 22. Be4 a5 23. Rf2 c3 24. Nxc3 Nb4 25. Qb1 Rxd4 26. a3 Bc5 27. Be3 Rxe4 28. Bxc5 Rc4 29. Ne4 Bf5 30. axb4 Bxe4 31. Qf1 Bd5 32. h3 Qg6 33. Kh2 axb4 34. f5 Qg5 35. Bxb4 Rc1 36. Be1 Rxe5 37. Rb8+ Kh7 38. Re2 Bc4 0-1

[Event "FRA-chT U20 0203"]
[Site "Clichy"]
[Date "2003.05.03"]
[Round "10.2"]
[White "Vachier Lagrave, Maxime"]
[Black "Lepan, Marvin"]
[Result "1-0"]
[WhiteElo "2382"]
[BlackElo "2231"]
[PlyCount "73"]
[EventDate "2002.12.??"]
[EventType "team"]
[EventRounds "11"]
[EventCountry "FRA"]
[SourceTitle "EXT 2004"]
[Source "ChessBase"]
[SourceDate "2003.11.25"]
[SourceVersion "1"]
[SourceVersionDate "2003.11.25"]
[SourceQuality "1"]
[WhiteTeam "Paris NAO"]
[BlackTeam "Creteil"]
[WhiteTeamCountry "FRA"]
[BlackTeamCountry "FRA"]

1. e4 c5 2. Nf3 d6 3. d4 cxd4 4. Nxd4 Nf6 5. Nc3 a6 6. g3 b5 7. Bg2 Bb7 8. 0-0 e6 9. Re1 Qc7 10. a3 Be7 11. g4 Nc6 12. g5 Nd7 13. Nf5 0-0 14. Nd5 exd5 15. exd5 Nce5 16. Nxe7+ Kh8 17. Be3 Nb6 18. Nf5 Nbc4 19. Bd4 f6 20. b3 fxg5 21. bxc4 Rxf5 22. c5 Rd8 23. c6 Bc8 24. a4 bxa4 25. Rxa4 Ng6 26. Qb1 Rdf8 27. Qb6 Qf7 28. Qa7 Qxa7 29. Bxa7 Nf4 30. c4 Nd3 31. Re2 R5f7 32. Be3 g4 33. Rd2 Bf5 34. Rxa6 Nb4 35. Rb6 Nc2 36. c5 Ra7 37. Rd1 1-0

[Event "FRA-chT U20 0203"]
[Site "Clichy"]
[Date "2003.01.04"]
[Round "5.2"]
[White "Soyez, Cyril"]
[Black "Lepan, Marvin"]
[Result "0-1"]
[WhiteElo "2093"]
[BlackElo "2193"]
[PlyCount "92"]
[EventDate "2002.12.??"]
[EventType "team"]
[EventRounds "11"]
[EventCountry "FRA"]
[SourceTitle "EXT 2004"]
[Source "ChessBase"]
[SourceDate "2003.11.25"]
[SourceVersion "1"]
[SourceVersionDate "2003.11.25"]
[SourceQuality "1"]
[WhiteTeam "Vandoeuvre"]
[BlackTeam "Creteil"]
[WhiteTeamCountry "FRA"]
[BlackTeamCountry "FRA"]

1. c4 c5 2. g3 g6 3. Bg2 Bg7 4. Nc3 Nc6 5. Nf3 e5 6. 0-0 Nge7 7. Rb1 d6 8. a3 a5 9. d3 0-0 10. Bd2 f5 11. Nd5 Rb8 12. Nxe7+ Qxe7 13. b4 axb4 14. axb4 Nxb4 15. Bxb4 cxb4 16. Rxb4 d5 17. Qb3 dxc4 18. Qxc4+ Be6 19. Qb5 Rfc8 20. Nxe5 Bxe5 21. Qxe5 Qxb4 22. Qxe6+ Kg7 23. Qe5+ Kh6 24. Qe3+ f4 25. gxf4 Re8 26. Be4 Kg7 27. Kh1 Kh8 28. Rg1 Re7 29. f5 gxf5 30. Qg3 Rf8 31. Bxf5 Qc5 32. e4 Qd4 33. Qf4 Rg7 34. Rg3 b5 35. Rxg7 Qxg7 36. h3 b4 37. Qd2 b3 38. d4 Qb7 39. Qb2 Rxf5 40. d5+ Qg7 41. Qxb3 Rxf2 42. Qb8+ Rf8 43. Qb1 Qc3 44. d6 Qxh3+ 45. Kg1 Rg8+ 46. Kf2 Rg2+ 0-1

[Event "FRA-chT U20 0203"]
[Site "Clichy"]
[Date "2002.12.01"]
[Round "2.2"]
[White "Choisy, Mathilde"]
[Black "Lepan, Marvin"]
[Result "0-1"]
[WhiteElo "2060"]
[BlackElo "2198"]
[PlyCount "66"]
[EventDate "2002.12.??"]
[EventType "team"]
[EventRounds "11"]
[EventCountry "FRA"]
[SourceTitle "EXT 2004"]
[Source "ChessBase"]
[SourceDate "2003.11.25"]
[SourceVersion "1"]
[SourceVersionDate "2003.11.25"]
[SourceQuality "1"]
[WhiteTeam "Agneaux Saint Lo"]
[BlackTeam "Creteil"]
[WhiteTeamCountry "FRA"]
[BlackTeamCountry "FRA"]

1. e4 c5 2. Nc3 Nc6 3. f4 e6 4. Bc4 a6 5. a4 Nge7 6. e5 d5 7. exd6 Nf5 8. Nf3 Bxd6 9. d3 b6 10. 0-0 h6 11. Ne4 Bc7 12. Bd2 0-0 13. g4 Nd6 14. Bb3 c4 15. Bxc4 Nxc4 16. dxc4 Bb7 17. Be3 Nb4 18. Nfd2 f5 19. Ng3 Qh4 20. gxf5 Qh3 21. Nf3 Rad8 22. Qe2 exf5 23. Rad1 Rde8 24. Qf2 Nxc2 25. Bc1 Nb4 26. Rd7 Rf7 27. Rxf7 Kxf7 28. Rd1 Kg8 29. Nd4 Nd3 30. Qf1 Qxf1+ 31. Rxf1 Nxc1 32. Rxc1 Bxf4 33. Rf1 Be3+ 0-1

[Event "FRA-chT U20 0203"]
[Site "Clichy"]
[Date "2002.12.01"]
[Round "3.2"]
[White "Lepan, Marvin"]
[Black "Marchadour, Emilie"]
[Result "1-0"]
[WhiteElo "2198"]
[BlackElo "1860"]
[PlyCount "92"]
[EventDate "2002.12.??"]
[EventType "team"]
[EventRounds "11"]
[EventCountry "FRA"]
[SourceTitle "EXT 2004"]
[Source "ChessBase"]
[SourceDate "2003.11.25"]
[SourceVersion "1"]
[SourceVersionDate "2003.11.25"]
[SourceQuality "1"]
[WhiteTeam "Creteil"]
[BlackTeam "Sautron"]
[WhiteTeamCountry "FRA"]
[BlackTeamCountry "FRA"]

1. d4 Nf6 2. c4 c5 3. d5 b5 4. cxb5 a6 5. bxa6 Bxa6 6. Nc3 d6 7. g3 g6 8. Bg2 Bg7 9. Nf3 0-0 10. 0-0 Nbd7 11. Qc2 Qa5 12. Rd1 Rfb8 13. Bd2 Ng4 14. b3 Qb6 15. h3 Nge5 16. Nxe5 Bxe5 17. Rab1 Ra7 18. Kh2 Rab7 19. f4 Bg7 20. Na4 Qa7 21. e4 c4 22. b4 Bb5 23. Nc3 Bxc3 24. Qxc3 Qxa2 25. Ra1 Qb3 26. Qxb3 cxb3 27. Ra3 Bc4 28. Rc1 Nb6 29. Be3 Rc8 30. Bd4 f6 31. Bf3 Rcc7 32. Bd1 Nd7 33. Bxb3 Rxb4 34. Ba2 Rc8 35. Ra7 Ba6 36. Bc3 Bb5 37. e5 Ra4 38. Rxa4 Bxa4 39. e6 Nb6 40. Bd2 Rxc1 41. Bxc1 Bb5 42. Be3 Bc4 43. Bxc4 Nxc4 44. Bd4 h6 45. Kg2 Kh7 46. Kf2 f5 1-0

[Event "Creteil IM"]
[Site "Creteil"]
[Date "2002.04.24"]
[Round "5"]
[White "Lepan, Marvin"]
[Black "Calistri, Tristan"]
[Result "1-0"]
[WhiteElo "2189"]
[BlackElo "2321"]
[PlyCount "81"]
[EventDate "2002.04.20"]
[EventType "tourn"]
[EventRounds "9"]
[EventCountry "FRA"]
[EventCategory "4"]
[SourceTitle "CBM 088 Extra"]
[Source "ChessBase"]
[SourceDate "2002.07.01"]
[SourceVersion "2"]
[SourceVersionDate "2002.07.01"]
[SourceQuality "1"]

1. d4 Nf6 2. Nf3 g6 3. c4 Bg7 4. Nc3 0-0 5. e4 d6 6. Be2 e5 7. Be3 Ng4 8. Bg5 f6 9. Bc1 Nc6 10. d5 Ne7 11. h3 Nh6 12. h4 Nf7 13. h5 g5 14. Rg1 g4 15. Nh4 g3 16. fxg3 f5 17. Be3 Bf6 18. Nf3 Kh8 19. Bd3 Rg8 20. Qc2 Qf8 21. 0-0-0 a6 22. Kb1 Bd7 23. Bc1 Rxg3 24. exf5 Nh6 25. Ne4 Nhxf5 26. Nxg3 Nxg3 27. Ng5 Bg4 28. Rde1 Bxg5 29. Bxg5 Nef5 30. Qd2 Bxh5 31. Ka1 Bg6 32. Be3 Re8 33. Bxf5 Nxf5 34. Ref1 Qg7 35. Rd1 Ng3 36. Bh6 Qf7 37. Qc3 Ne4 38. Qe3 a5 39. Rgf1 Qd7 40. Rf3 a4 41. Rdf1 1-0

[Event "Creteil IM"]
[Site "Creteil"]
[Date "2002.04.21"]
[Round "2"]
[White "Lukov, Valentin"]
[Black "Lepan, Marvin"]
[Result "1-0"]
[WhiteElo "2458"]
[BlackElo "2189"]
[PlyCount "137"]
[EventDate "2002.04.20"]
[EventType "tourn"]
[EventRounds "9"]
[EventCountry "FRA"]
[EventCategory "4"]
[SourceTitle "CBM 088 Extra"]
[Source "ChessBase"]
[SourceDate "2002.07.01"]
[SourceVersion "2"]
[SourceVersionDate "2002.07.01"]
[SourceQuality "1"]

1. e4 c5 2. Nf3 d6 3. c3 Nf6 4. h3 Nbd7 5. Bd3 e6 6. 0-0 Be7 7. Bc2 0-0 8. d4 Qc7 9. Re1 cxd4 10. cxd4 e5 11. Nc3 a6 12. a4 b6 13. Nh4 g6 14. Bh6 Re8 15. Rc1 Bf8 16. Bg5 Qb8 17. Nf3 Bb7 18. Qd2 Bg7 19. d5 a5 20. Bd3 Nc5 21. Bc4 Nfd7 22. Qc2 Na6 23. Bb5 Nac5 24. Nd2 f6 25. Be3 Rf8 26. Nc4 Ba6 27. Bxa6 Rxa6 28. Nb5 Nb7 29. f3 Rd8 30. Ra1 Bf8 31. Ra3 Ndc5 32. Rb1 Qc8 33. Qe2 Qd7 34. Nc3 Rda8 35. Nd2 Be7 36. Qb5 Qxb5 37. axb5 R6a7 38. Nc4 Bd8 39. Bxc5 bxc5 40. Rba1 Kf8 41. g3 Ke7 42. f4 Kd7 43. Kg2 Rb8 44. Kf3 Rba8 45. Ra4 Rb8 46. h4 h5 47. Rh1 Be7 48. Raa1 Rh8 49. Na4 Nd8 50. Nc3 Nb7 51. Rag1 Nd8 52. Ke2 Nf7 53. Ra1 Bd8 54. Ra3 g5 55. f5 g4 56. Rha1 Rb7 57. Rb3 Bc7 58. b6 Ra8 59. Rb5 Bd8 60. Na4 Ra6 61. Nxa5 Kc8 62. Nxb7 Kxb7 63. Nxc5+ dxc5 64. Rxa6 Kxa6 65. b7 Bc7 66. b8Q Bxb8 67. Rxb8 Nd6 68. Kd3 c4+ 69. Ke3 1-0

[Event "FRA-chT 0102 U18"]
[Site "France"]
[Date "2002.01.05"]
[Round "6.1"]
[White "Lepan, Marvin"]
[Black "Comte, Frederic"]
[Result "1-0"]
[WhiteElo "2189"]
[BlackElo "2150"]
[PlyCount "50"]
[EventDate "2001.10.??"]
[EventType "team"]
[EventRounds "11"]
[EventCountry "FRA"]
[SourceTitle "EXT 2003"]
[Source "ChessBase"]
[SourceDate "2002.11.25"]
[SourceVersion "1"]
[SourceVersionDate "2002.11.25"]
[SourceQuality "1"]
[WhiteTeam "Creteil"]
[BlackTeam "Hyeres"]
[WhiteTeamCountry "FRA"]
[BlackTeamCountry "FRA"]

1. d4 Nf6 2. Bg5 e6 3. e4 h6 4. Bxf6 Qxf6 5. Nc3 Bb4 6. Qd2 c5 7. a3 cxd4 8. axb4 dxc3 9. bxc3 0-0 10. Nf3 d6 11. Bd3 Bd7 12. 0-0 Nc6 13. Ra3 a6 14. c4 Ne5 15. Nxe5 Qxe5 16. Ra5 Qf6 17. b5 axb5 18. cxb5 Qe5 19. Qb4 Rfc8 20. Qa4 Rxa5 21. Qxa5 Qc5 22. Ra1 b6 23. Qa4 e5 24. Rd1 Be6 25. h3 Kf8 1-0

[Event "FRA-chT2"]
[Site "France"]
[Date "2002.01.??"]
[Round "6"]
[White "Maatoug, Redwan"]
[Black "Lepan, Marvin"]
[Result "0-1"]
[WhiteElo "2206"]
[BlackElo "2189"]
[PlyCount "76"]
[EventDate "2002.??.??"]
[EventType "team"]
[EventRounds "11"]
[EventCountry "FRA"]
[SourceTitle "EXT 2003"]
[Source "ChessBase"]
[SourceDate "2002.11.25"]
[SourceVersion "1"]
[SourceVersionDate "2002.11.25"]
[SourceQuality "1"]

1. Nf3 d5 2. d4 c6 3. g3 Nf6 4. Bg2 Bf5 5. 0-0 e6 6. b3 h6 7. Bb2 Nbd7 8. c4 Bd6 9. Nc3 a5 10. Nd2 0-0 11. e4 dxe4 12. Ndxe4 Nxe4 13. Nxe4 Be7 14. Re1 Nf6 15. Nc5 Qc7 16. Qe2 Rfd8 17. Rad1 b6 18. Nd3 Bxd3 19. Rxd3 Ra7 20. a4 b5 21. Bc3 bxc4 22. bxc4 Bb4 23. Red1 Bxc3 24. Rxc3 Qb6 25. Qe5 Qb4 26. Rcc1 Qxa4 27. Qc5 Ra6 28. Ra1 Qc2 29. Rac1 Qf5 30. Qa3 a4 31. Rb1 Ne4 32. f3 Nd6 33. Rdc1 Nxc4 34. Qe7 Raa8 35. Rb4 Ne3 36. Rb7 Nxg2 37. Kxg2 Rxd4 38. Rxc6 Rd2+ 0-1

[Event "FRA-chT 0102 U18"]
[Site "France"]
[Date "2001.11.25"]
[Round "3.2"]
[White "Cossin, Sebastien"]
[Black "Lepan, Marvin"]
[Result "0-1"]
[WhiteElo "2223"]
[BlackElo "2205"]
[PlyCount "146"]
[EventDate "2001.10.??"]
[EventType "team"]
[EventRounds "11"]
[EventCountry "FRA"]
[SourceTitle "EXT 2003"]
[Source "ChessBase"]
[SourceDate "2002.11.25"]
[SourceVersion "1"]
[SourceVersionDate "2002.11.25"]
[SourceQuality "1"]
[WhiteTeam "AECE"]
[BlackTeam "Creteil"]
[WhiteTeamCountry "FRA"]
[BlackTeamCountry "FRA"]

1. Nf3 d5 2. g3 Nf6 3. Bg2 Bf5 4. 0-0 h6 5. d3 e6 6. Nbd2 Be7 7. c3 Bh7 8. Qb3 Qc8 9. Ne5 0-0 10. f4 c6 11. Ndf3 Nbd7 12. Nxd7 Nxd7 13. Bd2 Qc7 14. Kh1 Qb6 15. Qc2 Qa6 16. Be1 c5 17. Bf2 c4 18. Rfd1 Bc5 19. Bxc5 Nxc5 20. Ne1 Rfd8 21. b4 cxd3 22. exd3 Na4 23. Qb3 b5 24. Rac1 Rac8 25. d4 Qd6 26. Bf1 Be4+ 27. Kg1 a6 28. Nd3 Bxd3 29. Rxd3 g6 30. Qc2 Rc6 31. Qd2 Rdc8 32. g4 Kg7 33. Rh3 f5 34. gxf5 exf5 35. Rg3 Qf6 36. Bg2 Nb6 37. Kh1 Re6 38. Rg1 Rce8 39. Bf3 Kh7 40. Qg2 Rd6 41. Bh5 Rg8 42. Qh3 Qf7 43. Qh4 Nc4 44. Bd1 Qf6 45. Qxf6 Rxf6 46. h4 Nd2 47. Bc2 Ne4 48. Bxe4 fxe4 49. h5 Rxf4 50. hxg6+ Kg7 51. Rh3 Rgf8 52. Rg2 Rf3 53. Rh5 R8f5 54. Rgh2 Rg5 55. Rxg5 hxg5 56. Rh7+ Kxg6 57. Rd7 e3 58. Kg2 Rf2+ 59. Kg3 Rxa2 60. Rxd5 e2 61. Kf2 g4 62. Re5 Rc2 63. Rxe2 g3+ 64. Kf3 Rxc3+ 65. Kg2 Kf5 66. Ra2 Ke4 67. Rd2 Kd5 68. Rd1 Rc4 69. Kxg3 Rxd4 70. Ra1 Rxb4 71. Rxa6 Re4 72. Kf3 Re8 73. Ra7 Kc4 0-1

[Event "FRA-chT2"]
[Site "France"]
[Date "2001.11.??"]
[Round "2"]
[White "Schenk, Andreas"]
[Black "Lepan, Marvin"]
[Result "1-0"]
[WhiteElo "2443"]
[BlackElo "2205"]
[PlyCount "56"]
[EventDate "2002.??.??"]
[EventType "team"]
[EventRounds "11"]
[EventCountry "FRA"]
[SourceTitle "EXT 2003"]
[Source "ChessBase"]
[SourceDate "2002.11.25"]
[SourceVersion "1"]
[SourceVersionDate "2002.11.25"]
[SourceQuality "1"]

1. d4 d5 2. c4 e6 3. Nc3 c6 4. e3 f5 5. Bd3 Nf6 6. Qc2 Na6 7. a3 Qa5 8. Rb1 Ne4 9. Nf3 Bd6 10. 0-0 0-0 11. b4 Qd8 12. b5 Nb8 13. a4 Nd7 14. bxc6 bxc6 15. cxd5 cxd5 16. Nb5 Bb8 17. Ba3 Re8 18. Rfc1 Ba6 19. Qc6 Qc8 20. g3 Bb7 21. Qxc8 Rxc8 22. Nc7 Rxc7 23. Rxc7 Bxc7 24. Rxb7 Rc8 25. Rxa7 Nb6 26. Bb5 Nd6 27. Ba6 Ra8 28. Rxc7 Rxa6 1-0

[Event "Paris-ch op"]
[Site "Paris"]
[Date "2001.07.24"]
[Round "4"]
[White "Inkiov, Ventzislav"]
[Black "Lepan, Marvin"]
[Result "1-0"]
[WhiteElo "2470"]
[BlackElo "2184"]
[PlyCount "65"]
[EventDate "2001.07.21"]
[EventType "swiss"]
[EventRounds "9"]
[EventCountry "FRA"]
[SourceTitle "CBM 083 Extra"]
[Source "ChessBase"]
[SourceDate "2001.09.11"]
[SourceVersion "1"]
[SourceVersionDate "2001.09.11"]
[SourceQuality "1"]

1. d4 d5 2. c4 e6 3. Nf3 c6 4. g3 Bd6 5. Bg2 f5 6. 0-0 Nf6 7. b3 Qe7 8. Bb2 0-0 9. Nbd2 b6 10. Ne5 Bb7 11. Rc1 Rc8 12. Rc2 Na6 13. Qa1 c5 14. cxd5 exd5 15. Ndf3 Nc7 16. Bh3 Rf8 17. Bxf5 Ne4 18. Bh3 Ne6 19. Nd3 N6g5 20. Nxg5 Qxg5 21. dxc5 Nxc5 22. Be5 Be7 23. Nf4 Bf6 24. Bxf6 Rxf6 25. Qd4 Raf8 26. Nd3 Ne6 27. Qe5 Qh6 28. Bg2 Rf5 29. Qd6 Rd8 30. Qb4 Ba6 31. Rc6 Bxd3 32. exd3 Rf6 33. Qe7 1-0

[Event "FRA-ch U14"]
[Site "Amiens"]
[Date "2001.04.11"]
[Round "5"]
[White "Lepan, Marvin"]
[Black "Bordi, Kevin Claude"]
[Result "1/2-1/2"]
[WhiteElo "2130"]
[BlackElo "2098"]
[PlyCount "95"]
[EventDate "2001.04.??"]
[EventType "swiss"]
[EventRounds "9"]
[EventCountry "FRA"]
[SourceTitle "EXT 2005"]
[Source "ChessBase"]
[SourceDate "2004.11.15"]
[SourceVersion "1"]
[SourceVersionDate "2004.11.15"]
[SourceQuality "1"]

1. d4 d5 2. c4 c6 3. Nc3 Nf6 4. e3 e6 5. Nf3 Nbd7 6. Qc2 Bd6 7. b3 0-0 8. Be2 Qe7 9. 0-0 Re8 10. Rd1 dxc4 11. bxc4 e5 12. a4 e4 13. Nd2 Nf8 14. Nf1 h5 15. Qb3 Ng4 16. Ba3 Bxa3 17. Qxa3 Qf6 18. Bxg4 Bxg4 19. Rd2 h4 20. Nxe4 Rxe4 21. f3 Bxf3 22. Rf2 Rg4 23. Nd2 Rxg2+ 24. Rxg2 Bxg2 25. Kxg2 h3+ 26. Kxh3 Re8 27. Kg2 Qg5+ 28. Kf2 Qh4+ 29. Kg2 Re6 30. Nf1 Qe4+ 31. Kg1 Nh7 32. Ng3 Qxe3+ 33. Qxe3 Rxe3 34. Rb1 Re7 35. Nf5 Rd7 36. c5 Ng5 37. Kg2 Ne6 38. Rb4 g6 39. Nd6 b6 40. cxb6 axb6 41. Nc8 Rxd4 42. Rxb6 Rxa4 43. Ne7+ Kg7 44. Nxc6 Ra2+ 45. Kg3 Ra3+ 46. Kf2 Kf6 47. Nd4 Rd3 48. Ne2 1/2-1/2